000 01618cam a22002054a 4500
005 20250605164237.0
008 250528s ||||||||||||||||||||||||d
035 _a21176
020 _a9789600301410
040 _aGR-AtMCL
_bgre
_dGR-AtMCL
_eAACR2
245 1 _aΤο Θεατρικό Παιχνίδι / Παιδαγωγική Θεωρία, Πρακτική και Θεατρολογική Προσέγγιση
250 _a
260 _bΚαστανιώτη,
_c2010
300 _a256
520 _aΤο Θεατρικό Παιχνίδι δεν είναι μόνο ψυχαγωγία. Σήμερα εντάσσεται στο σύνολο της παιδαγωγικής πρακτικής. Εισαγωγή, Σύντομη Αναδρομή, Το Θεατρικό Παιχνίδι Διάσταση της Αγωγής μέσα από το Θέατρο (Παιδευτική Θεατρική Έκφραση), Τεχνικές Ανάπτυξης και Επεξεργασίας, Υλικοτεχνικά Μέσα, Δομική Συγκρότηση - Διαδικασία Ανάπτυξης, Θεματογραφία, Θέατρο και ''Θεατρικό Παιχνίδι'', Πρακτικές Εφαρμογές (Σημειώσεις και Δραστηριότητες και Ασκήσεις και Υλικοτεχνικά Μέσα), Συνοπτικός Πίνακας Ανάπτυξης και Επεξεργασίας Θεατρικού Παιχνιδιού, Κάτι σαν Επίλογος.
700 1 _aΚουρετζής Λάκης
_97202
942 _cBK
999 _c6244
_d6244